Регионална библиотека "Любен Каравелов" - Русе

Диво животно (Запис номер 514864)

MARC детайли
000 -Лидер
Контролно поле с фиксирана дължина 01101nam a2200313 a 4500
003 - Код на организацията, давaща контролен номер
Контролно поле BLK
005 - Дата и час на последна редакция
Контролно поле 20250726123824.0
008 - Елементи от данни с фиксирана дължина
fixed length control field 210721b bul|||||r ||||||| ||bul||
020 ## - Международен стандартен номер на книга ISBN
Международен стандартен номер на книга ISBN 9786190214564
040 ## - Източник на каталожния запис
Идентификатор на билиотеката - собственик на записа BLK
041 ## - Код за език
Код за езика на текст/звукозапис или на отделно заглавие Български
Код за езика КДБФ Български
080 ## - УДК
Текстов определител УДК Швейцарска литература на френски език
УДК код - определител по УДК 821.133.1(494)
УДК определител -312.4
УДК - код + определител 821.133.1(494)-312.4
100 1# - Редна дума - Автор
Автор Дикер, Жоел
Дати, свързани с автора 1985 -
Авторска отговорност първи автор
R(LIN) 61431
139 ## - Редно поле
Редна дума Дикер, Жоел
Авторски знак Ди - Д 53
245 10 - Сведения за заглавието
Заглавие Диво животно
Редно поле (дума) Жоел Дикер ; прев. от фр. Красимир Петров.
257 ## - Страна на издаване
Страна на създаване/издаване Швейцария
260 ## - Област на издателските данни
Място на издаване, разпространение и проч. София
Име на издателя, разпространителя и проч. Колибри
Година на издаване 2024
300 ## - Физическа характеристика
Страници 400 с.
Размери/Мащаб 21 см
380 ## - Жанр
Жанр Худож. лит.
700 1# - Други автори (авторска отговорност)
Лично име Петров, Красимир Тодоров
Автороска отговорност (Описва отношението между автора и произведението) прев. от фр.
9 (RLIN) 364448
852 ## - Местоположение
Фондова буква Заемна - подръчен фонд
Систематично-азбучна сигнатура 821-31/Д 53 Ж
852 ## - Местоположение
Фондова буква Хранилище
Форматна сигнатура Цб 324443
856 ## - Електронен адрес и достъп
Инструкция (цена за достъп) 0.00
Права за достъп disable
942 ## - АРТИКУЛИ
Вид на библиотечния материал Книги
Скрит в OPAC Не
Koha issues (borrowed), all copies 131
Периодичен библиозапис Да
944 ## - СЪЗДАВАНЕ И РЕДАКЦИЯ на ЗАПИСА
Дата на регистрацията/редакция Нора Радева
Служител, извършил регистрацията/редакцията 30550
Статус, дата на статуса Кети Илиева
999 ## - СИСТЕМНИ КОНТРОЛНИ НОМЕРА
Koha biblionumber 514864
Koha biblioitemnumber 514864
999 ## - СИСТЕМНИ КОНТРОЛНИ НОМЕРА
Koha biblioitemnumber 514864
999 ## - СИСТЕМНИ КОНТРОЛНИ НОМЕРА
Koha biblioitemnumber 424623
999 ## - СИСТЕМНИ КОНТРОЛНИ НОМЕРА
Koha biblioitemnumber 424623
Наличности
Код за отписване Код за изгубен артикул Източник на класификационната схема Код за повреда Код за отдаване Артикулен № Име на библиотеката - собственик Име на библиотеката, в която се намира в момента Статус (Текущо местоположение) Дата на вписване в системата Местоположение - отдел Цена в лева Инвентарен номер Систематично азбучна сигнатура Баркод Цена в евро Служебен тип на артикула Коз за рестрикции
  Не е изгубен Universal Decimal Classification Не е повреден заемане за дома 946320 Регионална библиотека "Любен Каравелов" Русе Регионална библиотека "Любен Каравелов" Русе Заемна - подръчен фонд 2024-08-06 Заемна - подръчен фонд 16.80 120000911268 821-31/Д 53 Ж 120000911268 8.59 Книги  
  Не е изгубен Universal Decimal Classification Не е повреден заемане за дома 946321 Регионална библиотека "Любен Каравелов" Русе Регионална библиотека "Любен Каравелов" Русе Подвързия, Комплектуване 2024-08-06 Заемна - подръчен фонд 16.80 120000911269 821-31/Д 53 Ж 120000911269 8.59 Книги  
  Не е изгубен Universal Decimal Classification Не е повреден ползва се в читалня 949181 Регионална библиотека "Любен Каравелов" Русе Регионална библиотека "Любен Каравелов" Русе Хранилище 2024-09-18 Хранилище 24.00 120000912551 Цб 324443 120000912551 12.27 Книги само за читалня
  Не е изгубен Universal Decimal Classification Не е повреден заемане за дома 957590 Регионална библиотека "Любен Каравелов" Русе Регионална библиотека "Любен Каравелов" Русе Заемна - подръчен фонд 2025-01-07 Заемна - подръчен фонд 24.00 120000916377 821-31/Д 53 Ж 120000916377 12.27 Книги  
Vip Innovations Ltd, Rousse, Bulgaria 2025